[Event "11. Europa ch 2010 Femenino"]
[Site "Rijeka CRO"]
[Date "2010.03.12"]
[Round "7.66"]
[White "Shaidullina, Sandugach"]
[Black "Kharatyan, Anahit"]
[Result "1-0"]
[WhiteElo "2218"]
[BlackElo "2117"]
[PlyCount "117"]
[EventDate "2010.03.06"]
[EventType "swiss"]
[EventRounds "11"]
[EventCountry "CRO"]
[Source "lmi"]
[SourceDate "2010.03.06"]

1. d4 c5 2. d5 e5 3. c4 d6 4. e4 Be7 5. b3 Bg5 6. Bb2 Ne7 7. Bd3 Ng6 8. Ne2 Nd7
9. Nbc3 Nf6 10. Qc2 Nh5 11. Ng3 Nhf4 12. Bf1 Nh4 13. f3 h5 14. Kf2 Bh6 15. Nce2
g5 16. Nf5 Nxf5 17. exf5 Qf6 18. g4 hxg4 19. fxg4 Bg7 20. Ng3 Rh4 21. h3 Qh6
22. Bg2 Bd7 23. Qe4 O-O-O 24. Rac1 Rh8 25. a3 Qf6 26. b4 Nxh3+ 27. Bxh3 Rxh3
28. Qg2 R3h4 29. Rxh4 gxh4 30. Ne4 Qe7 31. Rh1 b6 32. Qf3 f6 33. Bc1 Ba4 34.
Qd3 a6 35. Be3 Bh6 36. Bxh6 Rxh6 37. Qd2 Rh8 38. bxc5 dxc5 39. Nc3 Qd7 40. Qb2
Kc7 41. d6+ Qxd6 42. Nxa4 Qc6 43. Rb1 b5 44. Nc3 h3 45. Nd5+ Kb7 46. a4 b4 47.
Qc2 a5 48. Rh1 Ka7 49. Kg3 b3 50. Qc3 Ka6 51. Qxb3 Ka7 52. Rxh3 Rf8 53. Rh7+
Ka8 54. Qc3 Qxa4 55. Nc7+ Ka7 56. Nb5+ Kb6 57. Qd3 Rc8 58. Qd6+ Rc6 59. Qb8+
1-0

[Event "11. Europa ch 2010 Femenino"]
[Site "Rijeka CRO"]
[Date "2010.03.12"]
[Round "7.67"]
[White "Boyarchenko, Marie"]
[Black "Brunello, Marina"]
[Result "1/2-1/2"]
[WhiteElo "2009"]
[BlackElo "2217"]
[PlyCount "103"]
[EventDate "2010.03.06"]
[EventType "swiss"]
[EventRounds "11"]
[EventCountry "CRO"]
[Source "lmi"]
[SourceDate "2010.03.06"]

1. e4 c5 2. b3 Nc6 3. Bb2 e5 4. Bc4 d6 5. Nc3 Nf6 6. Nge2 a6 7. a4 Be7 8. d3
O-O 9. O-O Nd4 10. Qd2 Nh5 11. f4 Nxf4 12. Nxf4 exf4 13. Ne2 Nxe2+ 14. Qxe2 Bg5
15. Qf3 Be6 16. Bc1 Qd7 17. Bxf4 Bf6 18. Ra2 Bd4+ 19. Be3 Be5 20. a5 Rad8 21.
Bd5 Bxd5 22. exd5 Bc3 23. Ra4 Rde8 24. Bf2 Re7 25. Bh4 f6 26. Rg4 Rfe8 27. Bf2
Kh8 28. d4 Bxd4 29. Bxd4 cxd4 30. Rxd4 Re3 31. Qh5 R3e5 32. Qd1 Qc7 33. b4 b6
34. Qd3 bxa5 35. Rh4 Qa7+ 36. Kh1 f5 37. Qh3 h6 38. bxa5 Qe7 39. c4 Qg5 40. g3
Qd2 41. Rh5 Re1 42. Rhxf5 Qxa5 43. g4 Qd2 44. Qg3 Qc1 45. Qd3 Rxf1+ 46. Rxf1
Re1 47. Rxe1 Qxe1+ 48. Kg2 Qb4 49. Qe4 a5 50. Qe8+ Kh7 51. Qe4+ Kh8 52. Qe8+
1/2-1/2

[Event "11. Europa ch 2010 Femenino"]
[Site "Rijeka CRO"]
[Date "2010.03.12"]
[Round "7.68"]
[White "Kushka, Alena"]
[Black "Hoolt, Sarah"]
[Result "1-0"]
[WhiteElo "2164"]
[BlackElo "2215"]
[PlyCount "99"]
[EventDate "2010.03.06"]
[EventType "swiss"]
[EventRounds "11"]
[EventCountry "CRO"]
[Source "lmi"]
[SourceDate "2010.03.06"]

1. d4 Nf6 2. c4 g6 3. Nc3 d5 4. Nf3 Bg7 5. Bf4 O-O 6. e3 c5 7. dxc5 Qa5 8. Rc1
dxc4 9. Bxc4 Qxc5 10. Bb3 Nc6 11. O-O Qa5 12. h3 Bf5 13. Qe2 Ne4 14. Nd5 e5 15.
Bh2 Nc5 16. Rfd1 Rfd8 17. Bc4 Rac8 18. b4 Nxb4 19. Ne7+ Kf8 20. Nxc8 Rxc8 21.
Nxe5 Ne6 22. Nd7+ Kg8 23. e4 Nd4 24. Rxd4 Bxd4 25. exf5 Qd8 26. fxg6 hxg6 27.
Qf3 Qxd7 28. Qxf7+ Qxf7 29. Bxf7+ Kxf7 30. Rxc8 Nxa2 31. Rc7+ Ke6 32. Rxb7 Nc3
33. Bb8 a5 34. Ba7 Be5 35. Rb6+ Kf5 36. Ra6 a4 37. Be3 Bg7 38. Bd2 Nb1 39. Bc1
Nc3 40. Kf1 Bf8 41. Ke1 Bb4 42. Bd2 a3 43. Bxc3 Bxc3+ 44. Ke2 Bb2 45. Kd3 g5
46. Kc4 Ke5 47. Ra5+ Ke4 48. Kb3 Bc1 49. Kc2 Bb2 50. Rxg5 1-0

[Event "11. Europa ch 2010 Femenino"]
[Site "Rijeka CRO"]
[Date "2010.03.12"]
[Round "7.69"]
[White "Djukic, Sandra"]
[Black "Tonel, Giulia"]
[Result "1-0"]
[WhiteElo "2214"]
[BlackElo "2023"]
[PlyCount "63"]
[EventDate "2010.03.06"]
[EventType "swiss"]
[EventRounds "11"]
[EventCountry "CRO"]
[Source "lmi"]
[SourceDate "2010.03.06"]

1. d4 Nf6 2. c4 g6 3. Nc3 Bg7 4. e4 d6 5. f3 O-O 6. Bg5 c5 7. d5 e6 8. Qd2 exd5
9. cxd5 a6 10. a4 Nbd7 11. Nge2 Qc7 12. Nc1 Re8 13. Be2 b6 14. O-O Rb8 15. Rb1
c4 16. b4 Nf8 17. Be3 N6d7 18. Bd1 Ne5 19. Bc2 Bd7 20. N1e2 f6 21. Nd4 Nf7 22.
Kh1 g5 23. g3 Ng6 24. f4 h6 25. Qf2 Rf8 26. b5 Qc8 27. Ne6 Bxe6 28. dxe6 Nd8
29. Nd5 Nxe6 30. f5 Nc5 31. fxg6 Qe6 32. Bxc5 1-0

[Event "11. Europa ch 2010 Femenino"]
[Site "Rijeka CRO"]
[Date "2010.03.12"]
[Round "7.70"]
[White "Bogumil, Tatiana"]
[Black "Cherednichenko, Elena"]
[Result "1/2-1/2"]
[WhiteElo "2201"]
[BlackElo "2100"]
[PlyCount "63"]
[EventDate "2010.03.06"]
[EventType "swiss"]
[EventRounds "11"]
[EventCountry "CRO"]
[Source "lmi"]
[SourceDate "2010.03.06"]

1. e4 e5 2. Nf3 Nc6 3. Bb5 g6 4. d4 exd4 5. O-O Bg7 6. e5 Nge7 7. Re1 h6 8. Bf4
O-O 9. Nxd4 Nxd4 10. Qxd4 c6 11. Bd3 d5 12. Qe3 Kh7 13. c3 Bf5 14. Bf1 Re8 15.
Bg3 Be4 16. f4 Nf5 17. Qf2 f6 18. exf6 Bxf6 19. Nd2 Nxg3 20. hxg3 Bf5 21. Rxe8
Qxe8 22. Re1 Qf8 23. Nf3 b6 24. Ne5 Bxe5 25. Rxe5 Re8 26. Qe3 Rxe5 27. Qxe5 Qg7
28. Qd6 Qd7 29. Qf6 Qe6 30. Qd8 Qd7 31. Qf6 Qe6 32. Qd8 1/2-1/2

[Event "11. Europa ch 2010 Femenino"]
[Site "Rijeka CRO"]
[Date "2010.03.12"]
[Round "7.71"]
[White "De Seroux, Camille"]
[Black "Semenova, Elena"]
[Result "1-0"]
[WhiteElo "2019"]
[BlackElo "2195"]
[PlyCount "109"]
[EventDate "2010.03.06"]
[EventType "swiss"]
[EventRounds "11"]
[EventCountry "CRO"]
[Source "lmi"]
[SourceDate "2010.03.06"]

1. e4 e5 2. Nf3 Nf6 3. Nxe5 d6 4. Nf3 Nxe4 5. d4 d5 6. Bd3 Bd6 7. O-O O-O 8. c4
c6 9. Nc3 Nxc3 10. bxc3 dxc4 11. Bxc4 Bf5 12. Bd3 Bxd3 13. Qxd3 Nd7 14. Re1 Qc7
15. Bg5 Rfe8 16. Bh4 c5 17. Rad1 c4 18. Qf5 g6 19. Qc2 Kg7 20. Re2 Nb6 21. Rde1
Rxe2 22. Qxe2 Nd5 23. Ne5 Re8 24. Kf1 Nxc3 25. Qf3 Nb5 26. Qf6+ Kg8 27. Ng4
Rxe1+ 28. Kxe1 Bf8 29. Bg3 Qe7+ 30. Be5 Qxf6 31. Nxf6+ Kg7 32. Nd7+ f6 33. Nxf6
Be7 34. Nd5+ Kf7 35. Kd2 Bd6 36. a4 Bxe5 37. dxe5 Ke6 38. Ne3 Na3 39. f4 a6 40.
Kc3 b5 41. Kb4 Nb1 42. axb5 axb5 43. Kxb5 c3 44. Kc4 h5 45. h4 Nd2+ 46. Kxc3
Ne4+ 47. Kd3 Ng3 48. Kd4 Ke7 49. Kd5 Ne2 50. f5 gxf5 51. Nxf5+ Kf7 52. e6+ Kf6
53. e7 Kf7 54. Kd6 Nf4 55. Kd7 1-0

[Event "11. Europa ch 2010 Femenino"]
[Site "Rijeka CRO"]
[Date "2010.03.12"]
[Round "7.72"]
[White "Kukic, Lora"]
[Black "Kazimova, Narmin Nizami Qizi"]
[Result "0-1"]
[WhiteElo "1723"]
[BlackElo "2212"]
[PlyCount "100"]
[EventDate "2010.03.06"]
[EventType "swiss"]
[EventRounds "11"]
[EventCountry "CRO"]
[Source "lmi"]
[SourceDate "2010.03.06"]

1. d4 Nf6 2. c4 e6 3. Nf3 b6 4. g3 Ba6 5. b3 Bb4+ 6. Bd2 Be7 7. Bc3 c6 8. Bg2
d5 9. Ne5 Nfd7 10. Nxd7 Nxd7 11. Nd2 f5 12. Qc2 O-O 13. O-O Rc8 14. e3 b5 15.
Bb2 bxc4 16. bxc4 Nb6 17. Rfb1 Nxc4 18. Bf1 Nxd2 19. Bxa6 Nxb1 20. Bxc8 Qxc8
21. Rxb1 Qc7 22. Rc1 Rc8 23. Qa4 Qb7 24. Ba3 Kf8 25. Bxe7+ Kxe7 26. Rc5 Kd7 27.
Ra5 Rc7 28. Qa3 Qb8 29. Kg2 g5 30. f4 g4 31. h3 h5 32. h4 Rb7 33. Kf2 Ke8 34.
Ke2 Rb2+ 35. Ke1 Rc2 36. Qb3 Qxb3 37. axb3 Rg2 38. Rxa7 Rxg3 39. Ke2 Rh3 40.
Rc7 Rxh4 41. Rxc6 Rh2+ 42. Kf1 Kd7 43. Ra6 h4 44. Ra7+ Kd6 45. b4 Rb2 46. b5
Rxb5 47. Ra2 Rb1+ 48. Kg2 h3+ 49. Kg3 Rg1+ 50. Kh2 Re1 0-1

[Event "11. Europa ch 2010 Femenino"]
[Site "Rijeka CRO"]
[Date "2010.03.12"]
[Round "7.73"]
[White "Trofimova, Antonina"]
[Black "Kanceljak, Dalia"]
[Result "1-0"]
[WhiteElo "2182"]
[BlackElo "1939"]
[PlyCount "95"]
[EventDate "2010.03.06"]
[EventType "swiss"]
[EventRounds "11"]
[EventCountry "CRO"]
[Source "lmi"]
[SourceDate "2010.03.06"]

1. e4 c5 2. Nf3 e6 3. d3 Nc6 4. g3 Nge7 5. Bg2 g6 6. O-O Bg7 7. Nbd2 O-O 8. Re1
d5 9. h4 b6 10. e5 Qc7 11. Qe2 Bb7 12. c3 h6 13. Nf1 a6 14. Bf4 d4 15. c4 Rac8
16. N1d2 Qd8 17. Ne4 Nf5 18. g4 Nxh4 19. Nxh4 Qxh4 20. Nf6+ Bxf6 21. Bg3 Qg5
22. f4 Bxe5 23. fxg5 Bxg3 24. Rf1 hxg5 25. Qd2 f6 26. Rf3 Bh4 27. Rh3 Kg7 28.
Qe2 Rce8 29. a3 f5 30. Rf1 e5 31. b4 cxb4 32. axb4 e4 33. dxe4 f4 34. Rd1 Bc8
35. Bf3 Rh8 36. Kg2 Rhf8 37. b5 axb5 38. cxb5 Ne5 39. Rxd4 Be6 40. Ra4 Rc8 41.
Qb2 Rc5 42. Bd1 Kh6 43. Rc3 Nxg4 44. Bxg4 Bxg4 45. Rxc5 f3+ 46. Kh2 bxc5 47.
Ra7 Rg8 48. Qf6 1-0

[Event "11. Europa ch 2010 Femenino"]
[Site "Rijeka CRO"]
[Date "2010.03.12"]
[Round "7.74"]
[White "Ikonomopoulou, Maria"]
[Black "Efroimski, Marsel"]
[Result "0-1"]
[WhiteElo "2081"]
[BlackElo "2178"]
[PlyCount "46"]
[EventDate "2010.03.06"]
[EventType "swiss"]
[EventRounds "11"]
[EventCountry "CRO"]
[Source "lmi"]
[SourceDate "2010.03.06"]

1. e4 c6 2. d4 d5 3. Nc3 dxe4 4. Nxe4 Nd7 5. Bc4 Ngf6 6. Qe2 Nxe4 7. Qxe4 Nf6
8. Qh4 Bf5 9. c3 e6 10. f3 Be7 11. Qf2 O-O 12. Ne2 b5 13. Bb3 c5 14. dxc5 Nd7
15. Be3 Ne5 16. Nc1 Qc7 17. O-O Rac8 18. a4 a6 19. Re1 Rfd8 20. Bd4 Nd7 21.
axb5 axb5 22. c6 Qxc6 23. Qg3 Bg6 0-1

[Event "11. Europa ch 2010 Femenino"]
[Site "Rijeka CRO"]
[Date "2010.03.12"]
[Round "7.79"]
[White "Goslawska, Cecylia"]
[Black "Batory, Lucija"]
[Result "1/2-1/2"]
[WhiteElo "1683"]
[BlackElo "1575"]
[PlyCount "83"]
[EventDate "2010.03.06"]
[EventType "swiss"]
[EventRounds "11"]
[EventCountry "CRO"]
[Source "lmi"]
[SourceDate "2010.03.06"]

1. e4 e5 2. Nf3 Nc6 3. Bb5 Nf6 4. d3 a6 5. Bxc6 dxc6 6. Nxe5 Bc5 7. O-O Qd6 8.
Nc4 Qe7 9. Bg5 b5 10. e5 bxc4 11. exf6 gxf6 12. Re1 Be6 13. Bh4 O-O-O 14. Qf3
Qd7 15. Bxf6 Bd5 16. Qh5 Rhg8 17. g3 Rde8 18. Nc3 cxd3 19. Nxd5 cxd5 20. cxd3
Rxe1+ 21. Rxe1 Re8 22. Rxe8+ Qxe8 23. Qf5+ Kb8 24. d4 Bb6 25. Qxd5 Qe1+ 26. Kg2
Qb1 27. Be5 Qxb2 28. Qxf7 Qc2 29. Qb3 Qe4+ 30. Qf3 Qc2 31. Qd5 Ka7 32. Qb3 Qe4+
33. Qf3 Qc2 34. Qd5 Kb8 35. Qb3 Qe4+ 36. Qf3 Qc2 37. Qd5 Ka7 38. Qf7 Kb8 39.
Qb3 Qe4+ 40. Kh3 Qf5+ 41. Kg2 Qe4+ 42. Qf3 1/2-1/2

[Event "11. Europa ch 2010 Femenino"]
[Site "Rijeka CRO"]
[Date "2010.03.14"]
[Round "8.1"]
[White "Socko, Monika"]
[Black "Cramling, Pia"]
[Result "1/2-1/2"]
[WhiteElo "2465"]
[BlackElo "2523"]
[PlyCount "87"]
[EventDate "2010.03.06"]
[EventType "swiss"]
[EventRounds "11"]
[EventCountry "CRO"]
[Source "lmi"]
[SourceDate "2010.03.06"]

1. d4 Nf6 2. c4 e6 3. Nc3 Bb4 4. e3 c5 5. Nge2 cxd4 6. exd4 O-O 7. a3 Be7 8.
Nf4 d6 9. Be2 Nbd7 10. O-O a6 11. Be3 Qc7 12. Rc1 b6 13. Bf3 Bb7 14. Bxb7 Qxb7
15. d5 e5 16. Nd3 Rac8 17. b3 Rfe8 18. Nb4 Nb8 19. f4 exf4 20. Bxf4 Bf8 21. Qf3
b5 22. cxb5 axb5 23. Kh1 Nbd7 24. Nc6 Ne5 25. Bxe5 dxe5 26. b4 Ra8 27. Qg3 Nh5
28. Qg5 g6 29. Ne4 h6 30. Qe3 Qd7 31. Qf3 Qxd5 32. g4 Rxa3 33. Qxa3 Qxe4+ 34.
Qf3 Qxf3+ 35. Rxf3 Ng7 36. Re1 e4 37. Rf6 h5 38. h3 e3 39. Rf3 e2 40. Rf2 Re6
41. Nd4 Re4 42. Nxe2 hxg4 43. hxg4 Ne6 44. Ref1 1/2-1/2

[Event "11. Europa ch 2010 Femenino"]
[Site "Rijeka CRO"]
[Date "2010.03.14"]
[Round "8.3"]
[White "Cmilyte, Viktorija"]
[Black "Arakhamia Grant, Ketevan"]
[Result "1-0"]
[WhiteElo "2485"]
[BlackElo "2447"]
[PlyCount "95"]
[EventDate "2010.03.06"]
[EventType "swiss"]
[EventRounds "11"]
[EventCountry "CRO"]
[Source "lmi"]
[SourceDate "2010.03.06"]

1. d4 Nf6 2. c4 g6 3. g3 c6 4. Nc3 d5 5. Qa4 Bg7 6. Nf3 O-O 7. Bg2 Ne4 8. O-O
Nd7 9. cxd5 Nb6 10. Qb3 Nxc3 11. bxc3 cxd5 12. Bf4 Bf5 13. a4 Be4 14. Nd2 Bxg2
15. Kxg2 a5 16. Rfb1 Ra6 17. e4 e6 18. h4 h6 19. Qa3 Re8 20. Rb5 f5 21. exd5
Nxd5 22. Nf3 Rc6 23. Bd2 b6 24. Re1 Nc7 25. Rbe5 Bxe5 26. Nxe5 Rd6 27. Bxh6 Nd5
28. Bg5 Qc7 29. c4 Nb4 30. Qc3 Qg7 31. Nf3 Nc6 32. Qa3 Nb4 33. Bf4 Rdd8 34. Be5
Nc2 35. Qc3 Nxe1+ 36. Qxe1 Qf7 37. Qe3 Rc8 38. c5 bxc5 39. dxc5 Red8 40. h5 Rd5
41. h6 Rcxc5 42. Ba1 f4 43. Qb3 Rd8 44. gxf4 Qf5 45. h7+ Kxh7 46. Qb7+ Kh6 47.
Qg7+ Kh5 48. Qh7+ 1-0

[Event "11. Europa ch 2010 Femenino"]
[Site "Rijeka CRO"]
[Date "2010.03.14"]
[Round "8.4"]
[White "Muzychuk, Anna"]
[Black "Galojan, Lilit"]
[Result "1-0"]
[WhiteElo "2533"]
[BlackElo "2380"]
[PlyCount "81"]
[EventDate "2010.03.06"]
[EventType "swiss"]
[EventRounds "11"]
[EventCountry "CRO"]
[Source "lmi"]
[SourceDate "2010.03.06"]

1. e4 e5 2. Nf3 Nc6 3. d4 exd4 4. Nxd4 Bc5 5. Nxc6 Qf6 6. Qf3 bxc6 7. Nc3 Qxf3
8. gxf3 d6 9. Be3 Bxe3 10. fxe3 Ne7 11. Rg1 g6 12. O-O-O Be6 13. h4 f6 14. f4
Kf7 15. Be2 Rhg8 16. Bf3 Rab8 17. Rd4 Rb6 18. Ra4 Ra8 19. Ra5 Bc4 20. e5 f5 21.
Rd1 Ke6 22. Ne2 Bxe2 23. Bxe2 c5 24. exd6 cxd6 25. Bf3 Rab8 26. b3 a6 27. c3
Rc8 28. Rd2 Nc6 29. Ra4 Rf8 30. h5 Kd7 31. Rc4 Kc7 32. b4 cxb4 33. cxb4 Kd7 34.
a3 Ne7 35. Kb2 a5 36. Kb3 Rfb8 37. Rcd4 axb4 38. axb4 Rc8 39. Rc4 Nc6 40. Ra2
Rcb8 41. Bxc6+ 1-0

[Event "11. Europa ch 2010 Femenino"]
[Site "Rijeka CRO"]
[Date "2010.03.14"]
[Round "8.9"]
[White "Savina, Anastasia"]
[Black "Hoang Thanh Trang"]
[Result "0-1"]
[WhiteElo "2391"]
[BlackElo "2487"]
[PlyCount "118"]
[EventDate "2010.03.06"]
[EventType "swiss"]
[EventRounds "11"]
[EventCountry "CRO"]
[Source "lmi"]
[SourceDate "2010.03.06"]

1. d4 e6 2. c4 b6 3. e4 Bb7 4. Bd3 Bb4+ 5. Bd2 Bxd2+ 6. Qxd2 f5 7. Nc3 Nf6 8.
f3 fxe4 9. fxe4 O-O 10. Nf3 c5 11. dxc5 bxc5 12. O-O-O Qe7 13. e5 Ng4 14. h3
Nh6 15. Ng5 Nf5 16. g4 Bxh1 17. gxf5 exf5 18. Rxh1 Nc6 19. Nf3 Nxe5 20. Nd5
Nxd3+ 21. Qxd3 Qd6 22. Re1 Qh6+ 23. Kb1 Kh8 24. Ne7 d6 25. h4 Rae8 26. Qd5 Qh5
27. Re6 Qg4 28. a3 Qg2 29. Ng5 Qxd5 30. cxd5 f4 31. Nf3 g6 32. Kc2 Kg7 33. b3
h6 34. h5 g5 35. Nf5+ Rxf5 36. Rxe8 g4 37. Nh2 g3 38. Nf3 Rxh5 39. Re4 Rf5 40.
Kd3 Rxd5+ 41. Ke2 Rf5 42. Nh4 Re5 43. Kf3 Rxe4 44. Kxe4 Kf6 45. Kxf4 d5 46.
Kxg3 Ke5 47. Kf3 Kd4 48. Nf5+ Kc3 49. Nxh6 Kxb3 50. Nf5 a5 51. Ne7 d4 52. Ke4
Kxa3 53. Nc6 a4 54. Kd5 d3 55. Ne5 d2 56. Nc4+ Kb4 57. Nxd2 a3 58. Nf3 a2 59.
Ne1 Kc3 0-1

[Event "11. Europa ch 2010 Femenino"]
[Site "Rijeka CRO"]
[Date "2010.03.14"]
[Round "8.10"]
[White "Skripchenko, Almira"]
[Black "Khurtsidze, Nino"]
[Result "0-1"]
[WhiteElo "2456"]
[BlackElo "2434"]
[PlyCount "94"]
[EventDate "2010.03.06"]
[EventType "swiss"]
[EventRounds "11"]
[EventCountry "CRO"]
[Source "lmi"]
[SourceDate "2010.03.06"]

1. e4 c5 2. Nf3 e6 3. Nc3 a6 4. d4 cxd4 5. Nxd4 b5 6. Bd3 d6 7. f4 Nf6 8. a3
Bb7 9. Qe2 Be7 10. Bd2 Nbd7 11. b4 O-O 12. Nf3 Qb6 13. a4 d5 14. e5 Ne4 15.
Nxe4 dxe4 16. Bxe4 Bxe4 17. Qxe4 bxa4 18. Rxa4 Nc5 19. Be3 Nxe4 20. Bxb6 Nc3
21. Ra1 Bxb4 22. Ba5 Nd5+ 23. Bxb4 Nxb4 24. Ra4 a5 25. O-O Rfc8 26. Rb1 h6 27.
g3 Nd5 28. Rb2 Nc3 29. Ra3 a4 30. Rb4 Ra5 31. Ne1 Rd5 32. Nf3 Rd1+ 33. Kg2 Rc7
34. Kh3 Kh7 35. Kg4 Rf1 36. Nd4 Kg6 37. Kh3 Rf2 38. Rb6 Kh7 39. Rb4 Rd2 40. g4
Nd5 41. Nf3 Rf2 42. Rbxa4 Rc3 43. Rxc3 Nxc3 44. Rc4 Rxf3+ 45. Kg2 Re3 46. Rc7
Nd5 47. Rxf7 Kg8 0-1

[Event "11. Europa ch 2010 Femenino"]
[Site "Rijeka CRO"]
[Date "2010.03.14"]
[Round "8.11"]
[White "Matveeva, Svetlana"]
[Black "Kosintseva, Nadezhda"]
[Result "0-1"]
[WhiteElo "2373"]
[BlackElo "2554"]
[PlyCount "92"]
[EventDate "2010.03.06"]
[EventType "swiss"]
[EventRounds "11"]
[EventCountry "CRO"]
[Source "lmi"]
[SourceDate "2010.03.06"]

1. d4 Nf6 2. c4 g6 3. Nf3 Bg7 4. g3 c6 5. Bg2 d5 6. cxd5 cxd5 7. Ne5 Nfd7 8. f4
Nb6 9. Nc3 O-O 10. O-O Nc6 11. Be3 Be6 12. b3 Rc8 13. Rc1 Qd6 14. Nb5 Qb8 15.
Qd2 a6 16. Na3 Qd6 17. Nb1 Nd7 18. Nxc6 Rxc6 19. Rxc6 Qxc6 20. Rc1 Qd6 21. Qa5
Nf6 22. Bd2 Bf5 23. e3 Be4 24. Bh3 Bf5 25. Bxf5 gxf5 26. Qc7 Qe6 27. Qxb7 Ng4
28. Re1 Rc8 29. Nc3 Rc6 30. Qb8+ Rc8 31. Qb7 Rc6 32. Qb8+ Rc8 33. Qb4 h5 34.
Qa5 Nf6 35. Rc1 h4 36. gxh4 Kh7 37. Ne2 Rg8 38. Ng3 Ne4 39. Rf1 Bf6 40. Rf3
Bxh4 41. Be1 Qc6 42. Kf1 Bxg3 43. Bxg3 Qc2 44. Qxa6 Nd2+ 45. Kg2 Nxf3+ 46. Kxf3
Rc8 0-1

[Event "11. Europa ch 2010 Femenino"]
[Site "Rijeka CRO"]
[Date "2010.03.14"]
[Round "8.12"]
[White "Danielian, Elina"]
[Black "Molchanova, Tatjana"]
[Result "1-0"]
[WhiteElo "2491"]
[BlackElo "2369"]
[PlyCount "49"]
[EventDate "2010.03.06"]
[EventType "swiss"]
[EventRounds "11"]
[EventCountry "CRO"]
[Source "lmi"]
[SourceDate "2010.03.06"]

1. Nf3 d5 2. d4 Nf6 3. c4 e6 4. Nc3 dxc4 5. e3 a6 6. a4 c5 7. Bxc4 Nc6 8. O-O
Be7 9. Qe2 cxd4 10. Rd1 e5 11. exd4 exd4 12. Nxd4 Nxd4 13. Qe3 O-O 14. Rxd4 Qc7
15. Qd3 Rd8 16. Bf4 Rxd4 17. Qxd4 Qd8 18. Qe5 Bd7 19. Re1 Kf8 20. Nd5 Nxd5 21.
Bxd5 Bb4 22. Bh6 Bxe1 23. Qxg7+ Ke7 24. Qe5+ Be6 25. Bg5+ 1-0

[Event "11. Europa ch 2010 Femenino"]
[Site "Rijeka CRO"]
[Date "2010.03.14"]
[Round "8.13"]
[White "Majdan, Joanna"]
[Black "Dzagnidze, Nana"]
[Result "0-1"]
[WhiteElo "2364"]
[BlackElo "2479"]
[PlyCount "130"]
[EventDate "2010.03.06"]
[EventType "swiss"]
[EventRounds "11"]
[EventCountry "CRO"]
[Source "lmi"]
[SourceDate "2010.03.06"]

1. e4 c6 2. d4 d5 3. e5 Bf5 4. Be3 e6 5. Nd2 Nd7 6. Ngf3 Ne7 7. Be2 Bg6 8. Nb3
Nf5 9. Bf4 Be7 10. O-O O-O 11. a4 Rc8 12. a5 c5 13. dxc5 Nxc5 14. Nbd4 Nxd4 15.
Nxd4 a6 16. Re1 Qc7 17. Bg4 Nd7 18. c3 Nb8 19. Bg3 Bc5 20. Bxe6 fxe6 21. Nxe6
Qc6 22. Nxf8 Rxf8 23. e6 Be4 24. Qg4 h5 25. Qxh5 Qxe6 26. Ra4 Nd7 27. Qe2 Qg6
28. Rxe4 dxe4 29. Qc4+ Qf7 30. Rxe4 Nf6 31. Qxf7+ Kxf7 32. Rc4 Rc8 33. Kf1 Rc6
34. Ke2 Ke6 35. Kd3 Kd5 36. b4 Bd6 37. Rd4+ Ke6 38. f4 g6 39. Be1 Rc8 40. c4
Rd8 41. h3 Rd7 42. Bd2 Nh5 43. Ke4 Rf7 44. Kf3 g5 45. g3 gxf4 46. gxf4 Bc7 47.
b5 Rg7 48. b6 Bd6 49. f5+ Ke7 50. Rg4 Rf7 51. Bg5+ Kd7 52. Rd4 Ng7 53. Kg4 Nxf5
54. Rd2 Ke6 55. Re2+ Be5 56. h4 Nd4 57. Re4 Rf1 58. c5 Rg1+ 59. Kh5 Kf5 60. Re3
Rf1 61. Bd8 Nc6 62. Bc7 Bd4 63. Rg3 Ke6 64. Bd6 Rf5+ 65. Rg5 Be3 0-1

[Event "11. Europa ch 2010 Femenino"]
[Site "Rijeka CRO"]
[Date "2010.03.14"]
[Round "8.14"]
[White "Gaponenko, Inna"]
[Black "Charkhalashvili, Inga"]
[Result "1/2-1/2"]
[WhiteElo "2472"]
[BlackElo "2338"]
[PlyCount "115"]
[EventDate "2010.03.06"]
[EventType "swiss"]
[EventRounds "11"]
[EventCountry "CRO"]
[Source "lmi"]
[SourceDate "2010.03.06"]

1. e4 c6 2. d4 d5 3. exd5 cxd5 4. c4 Nf6 5. Nc3 e6 6. Nf3 Be7 7. cxd5 Nxd5 8.
Bd3 Nc6 9. O-O O-O 10. Re1 Nf6 11. a3 b6 12. Bg5 Bb7 13. Bc2 Re8 14. Qd3 g6 15.
Rad1 Rc8 16. Ba4 Nd5 17. Bh6 Bf8 18. Qd2 Bg7 19. Ne4 Rf8 20. Ne5 f6 21. Bxg7
Kxg7 22. Ng4 Nce7 23. Ng3 Qd6 24. Ne4 Qd8 25. Ng3 Qd6 26. Ne4 Qd8 27. Qh6+ Kh8
28. Rd3 Nf5 29. Qd2 Qc7 30. Bb3 Qg7 31. Nc3 Qd7 32. Nxd5 Bxd5 33. Bxd5 Qxd5 34.
h3 Rc6 35. Ne3 Nxe3 36. Rdxe3 Kg7 37. Rc3 Rxc3 38. Qxc3 Rf7 39. Qe3 Re7 40. Rc1
Rd7 41. b4 a5 42. bxa5 bxa5 43. Rc5 Qxd4 44. Qxd4 Rxd4 45. Rxa5 Rd1+ 46. Kh2 g5
47. a4 Ra1 48. Kg3 Ra3+ 49. f3 h5 50. Ra8 Ra2 51. h4 gxh4+ 52. Kh3 e5 53. a5
Ra4 54. a6 Kg6 55. a7 Kf5 56. Rh8 Rxa7 57. Rxh5+ Kg6 58. Rxh4 1/2-1/2

[Event "11. Europa ch 2010 Femenino"]
[Site "Rijeka CRO"]
[Date "2010.03.14"]
[Round "8.15"]
[White "Cosma, Elena Luminita"]
[Black "Melia, Salome"]
[Result "0-1"]
[WhiteElo "2346"]
[BlackElo "2467"]
[PlyCount "88"]
[EventDate "2010.03.06"]
[EventType "swiss"]
[EventRounds "11"]
[EventCountry "CRO"]
[Source "lmi"]
[SourceDate "2010.03.06"]

1. d4 Nf6 2. Nf3 e6 3. c4 Bb4+ 4. Bd2 Qe7 5. g3 O-O 6. Bg2 Bxd2+ 7. Qxd2 d6 8.
Nc3 e5 9. O-O Re8 10. e4 Bg4 11. dxe5 dxe5 12. Nd5 Qd8 13. Qb4 b6 14. Qa4 c6
15. Ne3 Bxf3 16. Bxf3 Qc7 17. b4 Nbd7 18. a3 Nf8 19. Bg2 Ne6 20. Qc2 Rad8 21.
Rad1 g6 22. h4 Rd4 23. Rxd4 Nxd4 24. Qb2 Rd8 25. Kh2 h5 26. f3 Ne6 27. Rd1 Rxd1
28. Nxd1 Qd6 29. Nf2 Nd4 30. c5 bxc5 31. bxc5 Qxc5 32. Qb8+ Kg7 33. Nd3 Nxf3+
34. Bxf3 Qc2+ 35. Bg2 Qxd3 36. Qxe5 Qxa3 37. g4 hxg4 38. h5 Qe3 39. hxg6 Qh6+
40. Kg1 Qxg6 41. Qc3 g3 42. Qxc6 Ng4 43. Qc3+ Qf6 44. Qxg3 Qd4+ 0-1

[Event "11. Europa ch 2010 Femenino"]
[Site "Rijeka CRO"]
[Date "2010.03.14"]
[Round "8.16"]
[White "Kashlinskaya, Alina"]
[Black "Gunina, Valentina"]
[Result "0-1"]
[WhiteElo "2332"]
[BlackElo "2457"]
[PlyCount "84"]
[EventDate "2010.03.06"]
[EventType "swiss"]
[EventRounds "11"]
[EventCountry "CRO"]
[Source "lmi"]
[SourceDate "2010.03.06"]

1. d4 d5 2. c4 c6 3. Nc3 Nf6 4. Nf3 dxc4 5. a4 e6 6. e4 Bb4 7. e5 Nd5 8. Bd2 b5
9. axb5 Bxc3 10. bxc3 cxb5 11. Ng5 h6 12. Ne4 O-O 13. Be2 Nc6 14. O-O a5 15.
Re1 Ba6 16. Qc1 Qe7 17. Bf3 Rad8 18. Bxh6 gxh6 19. Qxh6 f5 20. exf6 Qh7 21.
Qxh7+ Kxh7 22. Ng5+ Kg8 23. Rxe6 Bb7 24. Rae1 Rxf6 25. Bxd5 Rxd5 26. Rxf6 Rxg5
27. Rd6 b4 28. d5 Ne5 29. Rd8+ Kf7 30. h4 Nf3+ 31. Kf1 Rxd5 32. Rxd5 Nh2+ 33.
Ke2 Bxd5 34. f3 b3 35. Kd2 a4 36. Kc1 a3 37. Kb1 Be6 38. Ka1 Bf5 39. h5 Bd3 40.
g4 Nxf3 41. Rd1 b2+ 42. Ka2 Nd2 0-1

[Event "11. Europa ch 2010 Femenino"]
[Site "Rijeka CRO"]
[Date "2010.03.14"]
[Round "8.18"]
[White "Berend, Elvira"]
[Black "Kovalevskaya, Ekaterina"]
[Result "1/2-1/2"]
[WhiteElo "2299"]
[BlackElo "2438"]
[PlyCount "44"]
[EventDate "2010.03.06"]
[EventType "swiss"]
[EventRounds "11"]
[EventCountry "CRO"]
[Source "lmi"]
[SourceDate "2010.03.06"]

1. e4 c5 2. Nf3 e6 3. g3 d5 4. exd5 exd5 5. d4 Nc6 6. Bg2 Bg4 7. O-O cxd4 8.
Nbd2 Be7 9. h3 Bf5 10. Nb3 Qd7 11. Kh2 Be4 12. Nfxd4 Bxg2 13. Kxg2 Nf6 14. c3
O-O 15. Bf4 Rfe8 16. Qf3 Nxd4 17. Nxd4 Bc5 18. Rfd1 Bb6 19. Be3 Re5 20. Bf4 Re4
21. Be3 Re5 22. Bf4 Re4 1/2-1/2